[Event "15th European Team Championshi"]
[Site "?"]
[Date "2005.08.07"]
[Round "9.10"]
[White "Georgiev, Vladimir"]
[Black "Nisipeanu, Liviu-Dieter"]
[Result "1/2-1/2"]
[WhiteElo "2532"]
[BlackElo "2679"]
[PlyCount "27"]
[EventDate "2005.07.30"]

1. d4 Nf6 2. Bg5 e6 3. Nd2 c5 4. e3 h6 5. Bh4 Nc6 6. c3 b6 7. Bd3 Bb7 8. Ngf3
Be7 9. O-O O-O 10. Re1 cxd4 11. Bxf6 Bxf6 12. exd4 Ne7 13. Ne4 Nd5 14. Nxf6+
1/2-1/2

[Event "15th European Team Championshi"]
[Site "?"]
[Date "2005.08.07"]
[Round "9.11"]
[White "Pelletier, Yannick"]
[Black "Lie, Kjetil A"]
[Result "1-0"]
[WhiteElo "2603"]
[BlackElo "2472"]
[PlyCount "187"]
[EventDate "2005.07.30"]

1. Nf3 g6 2. d4 Nf6 3. c4 Bg7 4. Nc3 O-O 5. e4 d6 6. Be2 c5 7. O-O cxd4 8. Nxd4
Nc6 9. Be3 Nxd4 10. Bxd4 Bd7 11. Qd3 Bc6 12. b4 b6 13. a3 e6 14. Rfd1 Qe7 15.
a4 Rfd8 16. a5 bxa5 17. Rxa5 a6 18. Bf3 Bb7 19. Ra2 Rac8 20. Bb6 Re8 21. c5
dxc5 22. bxc5 Bc6 23. e5 Nd7 24. Bxc6 Nxe5 25. Qxa6 Nxc6 26. Qc4 Ne5 27. Qe2
Nd7 28. Ra7 Bxc3 29. Rdxd7 Qf6 30. Rxf7 Qxf7 31. Rxf7 Kxf7 32. h4 Bf6 33. Qe4
Kg8 34. c6 Kf7 35. Be3 Re7 36. Bb6 Kg7 37. Kh2 Kf7 38. Kh3 h5 39. f3 Ree8 40.
g3 Re7 41. Kg2 Kg7 42. Kf1 Kf7 43. Ke2 Ree8 44. Kd3 Rb8 45. Qe3 Rec8 46. Qc5
Bd8 47. Bxd8 Rxd8+ 48. Ke4 Ra8 49. c7 Re8 50. Qc6 Ke7 51. Kf4 Rf8+ 52. Kg5 Ra5+
53. Kh6 Rh8+ 54. Kxg6 Rg8+ 55. Kh7 Raa8 56. Qc3 Rac8 57. Qe5 Rgf8 58. g4 Rf7+
59. Kh6 Rf6+ 60. Kh7 Rf7+ 61. Kg6 Rg8+ 62. Kh6 Rf6+ 63. Kh7 Rgf8 64. Qc5+ Kd7
65. g5 R6f7+ 66. Kg6 Rxf3 67. Kxh5 R3f4 68. Qc3 R4f5 69. Kh6 Rc8 70. g6 Rxc7
71. Qg7+ Kc6 72. Qxc7+ Kxc7 73. g7 Rf6+ 74. Kh7 Rf5 75. g8=Q Rh5+ 76. Kg6 Rxh4
77. Qxe6 Ra4 78. Kf6 Ra5 79. Ke7 Ra7 80. Qe3 Kc8+ 81. Kd6 Rd7+ 82. Ke6 Rc7 83.
Qa3 Kb7 84. Qa5 Rc6+ 85. Kd7 Rb6 86. Qd5+ Kb8 87. Qe5+ Kb7 88. Qa5 Rh6 89. Qd5+
Ka6 90. Qd3+ Kb7 91. Qe4+ Ka6 92. Kc7 Ka5 93. Qe5+ Ka6 94. Qe2+ 1-0

[Event "15th European Team Championshi"]
[Site "?"]
[Date "2005.08.07"]
[Round "9.11"]
[White "Jenni, Florian"]
[Black "Bae, Torstein"]
[Result "1-0"]
[WhiteElo "2494"]
[BlackElo "2316"]
[PlyCount "159"]
[EventDate "2005.07.30"]

1. d4 Nf6 2. Nf3 e6 3. Bg5 h6 4. Bxf6 Qxf6 5. e4 d6 6. Nc3 Nd7 7. Qe2 g6 8.
O-O-O Bg7 9. Nb5 O-O 10. Nxc7 Rb8 11. Nb5 a6 12. Nc3 b5 13. Qe3 Bb7 14. Bd3
Rfc8 15. h4 Qd8 16. Ne2 Nb6 17. Nd2 Nc4 18. Bxc4 bxc4 19. f4 Qb6 20. Qc3 e5 21.
fxe5 dxe5 22. d5 Bxd5 23. exd5 e4 24. Nxc4 Rxc4 25. Qxc4 Qe3+ 26. Rd2 Bxb2+ 27.
Kd1 Be5 28. Nc1 Rb1 29. c3 Bxc3 30. Qe2 Qb6 31. Qxe4 Bxd2 32. Kxd2 Qb2+ 33. Ke3
Rxc1 34. Rxc1 Qxc1+ 35. Kd4 Qb2+ 36. Ke3 Qc1+ 37. Kf3 Qc3+ 38. Kf2 Qc5+ 39. Ke2
Kf8 40. Kf3 Qc3+ 41. Kf4 Qd2+ 42. Kg3 Qc3+ 43. Kh2 Qc7+ 44. Kh3 Qd7+ 45. Kh2
Qc7+ 46. g3 Qd6 47. a4 h5 48. Kg2 Qc5 49. Qd3 Ke7 50. Qe2+ Kd7 51. Qxa6 Qxd5+
52. Kh2 Qa2+ 53. Kh3 Qd5 54. Qf1 Kc7 55. Qf4+ Kb6 56. Qb4+ Ka6 57. Kh2 Qa2+ 58.
Kg1 Qd5 59. Kf2 Qf5+ 60. Ke3 Qe5+ 61. Kf3 Qf5+ 62. Kg2 Qc2+ 63. Kf1 Qd3+ 64.
Kf2 Qf5+ 65. Qf4 Qd5 66. Ke3 Qb3+ 67. Kd4 Qxa4+ 68. Ke5 Qa1+ 69. Kd6 Qa3+ 70.
Kd7 Kb7 71. Qc7+ Ka6 72. Qd6+ Qxd6+ 73. Kxd6 f6 74. Ke6 g5 75. Kxf6 gxh4 76.
gxh4 Kb7 77. Kg5 Kc7 78. Kxh5 Kd7 79. Kg6 Ke7 80. Kg7 1-0

[Event "15th European Team Championshi"]
[Site "?"]
[Date "2005.08.07"]
[Round "9.11"]
[White "Elsness, Frode"]
[Black "Gallagher, Joseph"]
[Result "1/2-1/2"]
[WhiteElo "2440"]
[BlackElo "2544"]
[PlyCount "128"]
[EventDate "2005.07.30"]

1. d4 Nf6 2. c4 g6 3. Nc3 Bg7 4. e4 d6 5. f3 O-O 6. Be3 c5 7. dxc5 dxc5 8. Qxd8
Rxd8 9. Bxc5 Nc6 10. Nge2 Nd7 11. Bf2 Nde5 12. Nf4 b6 13. Nfd5 e6 14. Nc7 Rb8
15. Rd1 Rxd1+ 16. Kxd1 Rb7 17. Ne8 Bf8 18. Bh4 h6 19. f4 Ng4 20. Nf6+ Nxf6 21.
Bxf6 Rd7+ 22. Kc1 Bc5 23. g3 Be3+ 24. Kb1 g5 25. fxg5 Bxg5 26. Bxg5 hxg5 27.
Be2 Nd4 28. Bh5 Bb7 29. Rd1 Kg7 30. e5 Rd8 31. b3 a6 32. h3 Bg2 33. Bg4 Nc6 34.
Rxd8 Nxd8 35. Na4 b5 36. cxb5 axb5 37. Nc5 Kf8 38. Be2 b4 39. Bb5 Bxh3 40. Na6
f5 41. exf6 Kf7 42. Nxb4 Kxf6 43. Nc6 Nb7 44. b4 Nd6 45. Bd3 e5 46. b5 Ke6 47.
b6 Kd5 48. Nd8 Bc8 49. a4 Kd4 50. Kc2 e4 51. Be2 Ke3 52. Kd1 Kf2 53. a5 e3 54.
a6 Ne4 55. b7 Bxb7 56. axb7 Nc3+ 57. Kc2 Nxe2 58. Nc6 Nxg3 59. Nd4 Nf5 60. Nxf5
e2 61. b8=Q e1=Q 62. Qg3+ Kf1 63. Ne3+ Ke2 64. Qxg5 Qd2+ 1/2-1/2

[Event "15th European Team Championshi"]
[Site "?"]
[Date "2005.08.07"]
[Round "9.12"]
[White "Sakalauskas, Vaidas"]
[Black "Pert, Nicholas"]
[Result "1/2-1/2"]
[WhiteElo "2473"]
[BlackElo "2493"]
[PlyCount "83"]
[EventDate "2005.07.30"]

1. d4 d5 2. c4 c6 3. Nc3 Nf6 4. e3 a6 5. Nf3 b5 6. c5 g6 7. b4 a5 8. bxa5 Qxa5
9. Bd2 b4 10. Nb1 Ne4 11. a3 Nxd2 12. Nfxd2 Qc7 13. Be2 Bg7 14. O-O Nd7 15. Nb3
bxa3 16. Rxa3 Rxa3 17. Nxa3 O-O 18. Qd2 e5 19. Nc2 exd4 20. Ncxd4 Re8 21. Ra1
Nf8 22. Qa5 Qxa5 23. Rxa5 Bd7 24. Ra6 Rc8 25. Rb6 Ne6 26. Nxe6 Bxe6 27. Ba6 Rc7
28. Rb7 Rxb7 29. Bxb7 Bd7 30. Kf1 Bf8 31. Ke2 Be7 32. Kd3 Kf8 33. Kc3 Ke8 34.
Na5 Bxc5 35. Bxc6 Bb6 36. Bxd7+ Kxd7 37. Nb3 Kd6 38. Kd3 Ke5 39. Nd2 h5 40.
Nf3+ Kd6 41. Nd4 Ke5 42. Nf3+ 1/2-1/2

[Event "15th European Team Championshi"]
[Site "?"]
[Date "2005.08.07"]
[Round "9.12"]
[White "Gormally, Daniel"]
[Black "Kveinys, Aloyzas"]
[Result "1/2-1/2"]
[WhiteElo "2557"]
[BlackElo "2510"]
[PlyCount "28"]
[EventDate "2005.07.30"]

1. d4 d5 2. c4 e6 3. Nf3 Nf6 4. Nc3 Nbd7 5. Bf4 c6 6. e3 Be7 7. Bd3 O-O 8. c5
b6 9. b4 a5 10. a3 Ba6 11. O-O Qc8 12. Re1 Bxd3 13. Qxd3 Qb7 14. h3 axb4
1/2-1/2

[Event "15th European Team Championshi"]
[Site "?"]
[Date "2005.08.07"]
[Round "9.14"]
[White "Thorfinnsson, Bragi"]
[Black "Carlsson, Pontus"]
[Result "0-1"]
[WhiteElo "2448"]
[BlackElo "2394"]
[PlyCount "126"]
[EventDate "2005.07.30"]

1. d4 e6 2. c4 Nf6 3. Nc3 Bb4 4. e3 O-O 5. Nge2 d5 6. a3 Be7 7. cxd5 Nxd5 8.
Nxd5 exd5 9. Nf4 c6 10. Bd3 Nd7 11. O-O Nf6 12. b4 a6 13. f3 Bd6 14. Qc2 Re8
15. Qf2 a5 16. b5 Qe7 17. a4 Bd7 18. Ra2 Rac8 19. Re2 cxb5 20. axb5 Rc3 21. Bd2
Rxd3 22. Nxd3 Bxb5 23. Nc1 Qc7 24. g4 a4 25. g5 Nd7 26. e4 Bf4 27. Rfe1 Bxe2
28. Qxe2 Nf8 29. Nd3 Bxd2 30. Qxd2 Qc4 31. Ne5 Qb5 32. Qc2 Qb4 33. Rd1 Rd8 34.
exd5 Qd6 35. Qxa4 Qe7 36. h4 Rxd5 37. Qb3 Rd8 38. Kf2 Ne6 39. Qc4 h6 40. d5 Nf8
41. f4 Qd6 42. Kg3 h5 43. Qb5 Ng6 44. Nxg6 fxg6 45. Rd3 Rd7 46. Rb3 Kh7 47. Rd3
Rf7 48. Rf3 Rd7 49. Rd3 Rc7 50. Qb2 Re7 51. Qb5 Re1 52. Rf3 Qe7 53. Qd3 Rg1+
54. Kh2 Qe1 55. Qe3 Rh1+ 56. Kg2 Qxh4 57. Rg3 Qh2+ 58. Kf3 Rf1+ 59. Ke4 Qh1+
60. Kd4 Rd1+ 61. Kc3 Qxd5 62. Qb6 Rc1+ 63. Kb2 Qd2+ 0-1

[Event "15th European Team Championshi"]
[Site "?"]
[Date "2005.08.07"]
[Round "9.14"]
[White "Stefansson, Hannes"]
[Black "Andersson, Ulf"]
[Result "1/2-1/2"]
[WhiteElo "2579"]
[BlackElo "2584"]
[PlyCount "29"]
[EventDate "2005.07.30"]

1. e4 e6 2. d4 d5 3. Nc3 Nf6 4. Bg5 dxe4 5. Nxe4 Be7 6. Bxf6 gxf6 7. Nf3 b6 8.
Bd3 Bb7 9. Qe2 Nd7 10. O-O f5 11. Nc3 O-O 12. d5 Nc5 13. Bc4 Kh8 14. Rad1 Bd6
15. Ne5 1/2-1/2

[Event "15th European Team Championshi"]
[Site "?"]
[Date "2005.08.07"]
[Round "9.14"]
[White "Karlsson, Lars"]
[Black "Kristjansson, Stefan"]
[Result "1/2-1/2"]
[WhiteElo "2472"]
[BlackElo "2459"]
[PlyCount "58"]
[EventDate "2005.07.30"]

1. g3 Nf6 2. Bg2 d5 3. Nf3 g6 4. b3 Bg7 5. Bb2 O-O 6. c4 c6 7. O-O Re8 8. d4
Bf5 9. Nbd2 Ne4 10. Nh4 Nxd2 11. Qxd2 Be6 12. Rac1 Qb6 13. c5 Qc7 14. f4 Qc8
15. f5 Bxf5 16. Nxf5 gxf5 17. Qf4 Qe6 18. Qxf5 Qxf5 19. Rxf5 e6 20. Rff1 Nd7
21. e3 f5 22. Rc2 Nf6 23. Bf3 h5 24. h3 Kh7 25. Rg2 Bh6 26. Kf2 Rg8 27. Rfg1
Rg6 28. Ke2 Rag8 29. Bc3 R6g7 1/2-1/2

[Event "15th European Team Championshi"]
[Site "?"]
[Date "2005.08.07"]
[Round "9.15"]
[White "Schandorff, Lars"]
[Black "Van Der Stricht, Geert"]
[Result "1-0"]
[WhiteElo "2519"]
[BlackElo "2400"]
[PlyCount "79"]
[EventDate "2005.07.30"]

1. d4 Nf6 2. c4 e6 3. Nc3 Bb4 4. Qc2 O-O 5. a3 Bxc3+ 6. Qxc3 b6 7. Nf3 Bb7 8.
e3 d5 9. Be2 Nbd7 10. cxd5 Nxd5 11. Qc2 c5 12. dxc5 Rc8 13. b4 bxc5 14. b5 c4
15. O-O Qa5 16. Ng5 N5f6 17. a4 h6 18. Bf3 Bxf3 19. Nxf3 a6 20. Ba3 Rfe8 21.
Nd4 axb5 22. Nxb5 Rc6 23. Bb2 Nd5 24. e4 Nf4 25. Rfd1 Nb8 26. Be5 Ng6 27. Bc3
Qa6 28. g3 e5 29. Rd2 Nf8 30. Rad1 Ne6 31. h4 Nc5 32. Rd8 Rc8 33. Nc7 Rexd8 34.
Rxd8+ Rxd8 35. Nxa6 Nbxa6 36. Bxe5 Nd3 37. Qxc4 Nac5 38. Bd4 Ne6 39. Qxd3 Rxd4
40. Qc2 1-0

[Event "15th European Team Championshi"]
[Site "?"]
[Date "2005.08.07"]
[Round "9.15"]
[White "Hansen, Sune Berg"]
[Black "Docx, Stefan"]
[Result "1-0"]
[WhiteElo "2568"]
[BlackElo "2310"]
[PlyCount "69"]
[EventDate "2005.07.30"]

1. e4 e5 2. Nf3 Nf6 3. Nxe5 d6 4. Nf3 Nxe4 5. d4 d5 6. Bd3 Nc6 7. O-O Be7 8. c4
Nb4 9. Be2 O-O 10. a3 Nc6 11. cxd5 Qxd5 12. Nc3 Nxc3 13. bxc3 Bf5 14. Re1 Rfe8
15. Bf4 Rac8 16. Nd2 Bf6 17. Bf3 Qd7 18. Ne4 Bxe4 19. Rxe4 Rxe4 20. Bxe4 Re8
21. Qd3 g6 22. h3 Na5 23. Rb1 c6 24. Bf3 b6 25. Rd1 Rd8 26. d5 cxd5 27. Bxd5
Qa4 28. Qf3 Kg7 29. Qd3 Qb5 30. Qe3 Re8 31. Bh6+ Kh8 32. Qf3 Be5 33. Bxf7 Rc8
34. Be6 Re8 35. Bd7 1-0

[Event "15th European Team Championshi"]
[Site "?"]
[Date "2005.08.07"]
[Round "9.15"]
[White "Dutreeuw, Marc"]
[Black "Nielsen, Peter Heine"]
[Result "0-1"]
[WhiteElo "2361"]
[BlackElo "2668"]
[PlyCount "60"]
[EventDate "2005.07.30"]

1. e4 c5 2. Nf3 d6 3. d4 cxd4 4. Nxd4 Nf6 5. Nc3 a6 6. g3 e5 7. Nb3 Nbd7 8. Bg2
b5 9. O-O Be7 10. a4 b4 11. Na2 a5 12. c3 Ba6 13. Re1 bxc3 14. Nxc3 O-O 15. Bd2
Bc4 16. Nb5 Qb6 17. Bf1 d5 18. Be3 Bxb3 19. Qxb3 Nc5 20. Qd1 Rad8 21. exd5 Nxd5
22. Qe2 f5 23. Qc4 Kh8 24. Bxc5 Bxc5 25. Rxe5 Bxf2+ 26. Kh1 Ne3 27. Qc7 Qh6 28.
Re7 Ng4 29. h3 Bb6 30. Qc3 Rd2 0-1

[Event "15th European Team Championshi"]
[Site "?"]
[Date "2005.08.07"]
[Round "9.15"]
[White "Claesen, Pieter"]
[Black "Palo, Davor"]
[Result "0-1"]
[WhiteElo "2384"]
[BlackElo "2519"]
[PlyCount "98"]
[EventDate "2005.07.30"]

1. e4 c5 2. Nc3 Nc6 3. g3 g6 4. Bg2 Bg7 5. d3 d6 6. f4 e6 7. Nf3 Nge7 8. O-O
O-O 9. Be3 b6 10. Bf2 Bb7 11. d4 cxd4 12. Nxd4 Qd7 13. Qd2 Rad8 14. Rad1 a6 15.
g4 b5 16. Nxc6 Bxc6 17. Bb6 Rb8 18. Bd4 Bxd4+ 19. Qxd4 b4 20. Ne2 Bb5 21. Rf2
e5 22. Qxd6 Qa7 23. Ng3 Nc6 24. Qf6 exf4 25. Qxf4 Rbd8 26. Rd5 Bc4 27. Rxd8
Rxd8 28. e5 Rd1+ 29. Bf1 Nd4 30. Qf6 Ne6 31. Qf3 Rc1 32. Kg2 Bxf1+ 33. Nxf1 Qc7
34. Ne3 Ng5 35. Qd5 Re1 36. Qd4 Qc6+ 37. Qd5 Qc8 38. Qd4 Ne6 39. Qd2 Qb7+ 40.
Qd5 Qc7 41. Nc4 Qa7 42. Qc6 g5 43. Nd6 Nf4+ 44. Rxf4 Qg1+ 45. Kh3 Re3+ 46. Rf3
Qf1+ 47. Kg3 Qe1+ 48. Kh3 Qh4+ 49. Kg2 Re2+ 0-1

[Event "15th European Team Championshi"]
[Site "?"]
[Date "2005.08.07"]
[Round "9.16"]
[White "Lehner, Oliver"]
[Black "Sammalvuo, Tapani"]
[Result "1/2-1/2"]
[WhiteElo "2428"]
[BlackElo "2441"]
[PlyCount "247"]
[EventDate "2005.07.30"]

1. d4 Nf6 2. c4 e6 3. Nf3 b6 4. a3 Ba6 5. Qc2 Bb7 6. Nbd2 c5 7. e4 cxd4 8. e5
Ng8 9. Ne4 d5 10. cxd5 Qxd5 11. Bd3 Nd7 12. O-O Rc8 13. Qa4 Bc6 14. Qxd4 Qxd4
15. Nxd4 Bxe4 16. Bxe4 Nxe5 17. Bf4 Bd6 18. Bb7 Rc4 19. Rfd1 Nf3+ 20. Bxf3 Bxf4
21. Nc6 Bc7 22. Be2 Rc5 23. b4 Rd5 24. Rxd5 exd5 25. Nxa7 Ne7 26. Bb5+ Kd8 27.
Rd1 Bb8 28. Nc6+ Nxc6 29. Bxc6 Ke7 30. Bxd5 Rd8 31. g3 Kf6 32. Rd3 Ke7 33. a4
Rc8 34. a5 bxa5 35. bxa5 Rc1+ 36. Kg2 Ra1 37. Re3+ Kd7 38. Bxf7 Rxa5 39. Bg8 h6
40. f4 Bd6 41. h4 Ra3 42. Bb3 Bc5 43. Rd3+ Ke7 44. h5 Ra1 45. Rd5 Rg1+ 46. Kf3
Rc1 47. Re5+ Kf8 48. Kg4 Rc3 49. Bd5 Bd4 50. Re2 Re3 51. Rd2 Bf6 52. Ba2 Ke7
53. Rg2 Ra3 54. Bc4 Ra5 55. Re2+ Kd7 56. Be6+ Kd8 57. Re3 Rc5 58. Rd3+ Ke7 59.
Bf5 Ra5 60. Rd7+ Ke8 61. Rb7 Kd8 62. Be6 Ke8 63. Kf3 Ra3+ 64. Bb3 Ra1 65. g4
Rg1 66. Bc4 Kd8 67. Be2 Re1 68. Ra7 Ra1 69. Rb7 Re1 70. Rb5 Rg1 71. Rd5+ Ke7
72. Ke4 Re1 73. Rd2 Ke6 74. Ra2 Ra1 75. Bc4+ Ke7 76. Re2 Ra5 77. Rc2 Kd6 78.
Bb3 Rc5 79. Rd2+ Ke7 80. Bd5 Kd6 81. Ra2 Ke7 82. Ra7+ Kd6 83. Ra6+ Ke7 84. Ra7+
Kd6 85. Bb3 Rc7 86. Ra8 Rc5 87. Ba4 Ke6 88. Ra6+ Ke7 89. Ra7+ Kf8 90. Bb3 Ke8
91. Bf7+ Kd8 92. Bd5 Ke8 93. g5 hxg5 94. fxg5 Bxg5 95. Rxg7 Bf6 96. h6 Rc2 97.
Rb7 Rh2 98. h7 Bc3 99. Rc7 Bb2 100. Rb7 Bc3 101. Kd3 Bf6 102. Be4 Rh4 103. Bg6+
Kd8 104. Rf7 Bb2 105. Ke3 Be5 106. Kf3 Bc3 107. Kg3 Be1+ 108. Kf3 Bc3 109. Bf5
Be5 110. Bg4 Bc3 111. Kf4 Ke8 112. Rb7 Bf6 113. Kf5 Rh6 114. Bh5+ Kd8 115. Bg6
Bc3 116. Rb3 Ba1 117. Rb1 Bc3 118. Rc1 Bb2 119. Rc2 Ba1 120. Kg5 Rh1 121. Bh5
Rg1+ 122. Kf5 Rf1+ 123. Kg6 Rg1+ 124. Kf5 1/2-1/2

[Event "15th European Team Championshi"]
[Site "?"]
[Date "2005.08.07"]
[Round "9.16"]
[White "Karttunen, Mika"]
[Black "Lendwai, Reinhard"]
[Result "1/2-1/2"]
[WhiteElo "2409"]
[BlackElo "2416"]
[PlyCount "33"]
[EventDate "2005.07.30"]

1. d4 d5 2. c4 c6 3. Nc3 Nf6 4. Nf3 a6 5. h3 e6 6. c5 b6 7. cxb6 Nbd7 8. g3 c5
9. Bg2 Qxb6 10. O-O Be7 11. b3 cxd4 12. Nxd4 Bb7 13. Na4 Qd8 14. Bb2 Rc8 15.
Rc1 O-O 16. Rxc8 Qxc8 17. Qc1 1/2-1/2

[Event "15th European Team Championshi"]
[Site "?"]
[Date "2005.08.07"]
[Round "9.16"]
[White "Danner, Georg"]
[Black "Maki-Uuro, Miikka"]
[Result "1/2-1/2"]
[WhiteElo "2408"]
[BlackElo "2390"]
[PlyCount "93"]
[EventDate "2005.07.30"]

1. d4 d5 2. Nf3 Nf6 3. c4 dxc4 4. e3 Bg4 5. Bxc4 e6 6. h3 Bh5 7. Nc3 a6 8. g4
Bg6 9. Ne5 Nbd7 10. Nxg6 hxg6 11. Qf3 c6 12. Bb3 Nd5 13. e4 Nxc3 14. bxc3 Be7
15. Kf1 a5 16. Kg2 Bg5 17. Rd1 a4 18. Bc2 O-O 19. e5 Re8 20. Bxg5 Qxg5 21. Rab1
Ra7 22. Qg3 c5 23. Be4 cxd4 24. cxd4 b6 25. Bc6 Rc8 26. Bxd7 Rxd7 27. Rxb6 Qd8
28. Rb4 Qa5 29. a3 Qd5+ 30. Kh2 Rdc7 31. Rd3 Rc4 32. Rxc4 Rxc4 33. Qf4 Qc6 34.
h4 Rc3 35. Rxc3 Qxc3 36. Qe3 Qc2 37. Kg2 Qd1 38. Qe4 Kh8 39. Kg3 Qg1+ 40. Qg2
Qd1 41. Qa8+ Kh7 42. Qf3 Qxd4 43. Qxf7 Qxe5+ 44. Qf4 Qc3+ 45. Qf3 Qe5+ 46. Qf4
Qc3+ 47. Qf3 1/2-1/2

[Event "15th European Team Championshi"]
[Site "?"]
[Date "2005.08.07"]
[Round "9.17"]
[White "Erdogdu, Mert"]
[Black "Spasov, Vasil"]
[Result "1/2-1/2"]
[WhiteElo "2403"]
[BlackElo "2551"]
[PlyCount "62"]
[EventDate "2005.07.30"]

1. e4 c5 2. Nf3 Nc6 3. d4 cxd4 4. Nxd4 Nf6 5. Nc3 e5 6. Ndb5 d6 7. Bg5 a6 8.
Na3 b5 9. Nd5 Be7 10. Bxf6 Bxf6 11. c3 O-O 12. Nc2 Bg5 13. a4 bxa4 14. Rxa4 a5
15. Bc4 Rb8 16. Ra2 Kh8 17. O-O f5 18. exf5 Bxf5 19. Nce3 Bg6 20. Qa4 Be8 21.
Qc2 Bf7 22. Rd1 Qc8 23. b3 Qb7 24. Ra3 Bg8 25. Nf5 Qd7 26. Ng3 Bd8 27. Ne4 Bf7
28. Qe2 Bg6 29. Ra2 Ne7 30. Nxe7 Qxe7 31. f3 Bb6+ 1/2-1/2

[Event "15th European Team Championshi"]
[Site "?"]
[Date "2005.08.07"]
[Round "9.17"]
[White "Cheparinov, Ivan"]
[Black "Haznedaroglu, Kivanc"]
[Result "1/2-1/2"]
[WhiteElo "2634"]
[BlackElo "2430"]
[PlyCount "129"]
[EventDate "2005.07.30"]

1. e4 e5 2. Nf3 Nc6 3. Bb5 a6 4. Ba4 Nf6 5. O-O Be7 6. Re1 b5 7. Bb3 d6 8. c3
O-O 9. h3 Na5 10. Bc2 c5 11. d4 Nd7 12. Nbd2 cxd4 13. cxd4 Nc6 14. d5 Nb4 15.
Bb1 a5 16. Nf1 Nb6 17. Ne3 g6 18. Bd2 Na4 19. a3 Na6 20. b3 N4c5 21. b4 axb4
22. axb4 Na4 23. Qb3 Bd7 24. Bd3 Qb8 25. Rec1 Rc8 26. Rxc8+ Qxc8 27. g4 Ra7 28.
Rc1 Rc7 29. Rxc7 Nxc7 30. Kh2 Ne8 31. Qc2 Qxc2 32. Bxc2 Bd8 33. Kg3 Bb6 34. h4
Nf6 35. Nh2 Bd4 36. f3 Ne8 37. Nhf1 Nc7 38. Nd1 Na8 39. Nfe3 N8b6 40. Bd3 Nb2
41. Nxb2 Bxb2 42. Nd1 Ba3 43. g5 Na4 44. Be2 f5 45. gxf6 Kf7 46. Nf2 Kxf6 47.
Nd3 Nb2 48. Bg5+ Kf7 49. Bc1 Nxd3 50. Bxa3 Nf4 51. Bf1 h6 52. Bc1 g5 53. Be3
Nh5+ 54. Kh2 Nf4 55. hxg5 hxg5 56. Bb6 Ke7 57. Bc7 Be8 58. Kg3 Bd7 59. Bb8 Nh5+
60. Kf2 Nf4 61. Bc7 Be8 62. Kg3 Bd7 63. Kh2 Be8 64. Bh3 Bh5 65. Bg2 1/2-1/2

[Event "15th European Team Championshi"]
[Site "?"]
[Date "2005.08.07"]
[Round "9.17"]
[White "Bojkov, Dejan"]
[Black "Esen, Baris"]
[Result "0-1"]
[WhiteElo "2522"]
[BlackElo "2301"]
[PlyCount "116"]
[EventDate "2005.07.30"]

1. e4 e6 2. d4 d5 3. Nc3 Bb4 4. Qg4 Nf6 5. Qxg7 Rg8 6. Qh6 c5 7. e5 cxd4 8. a3
Bf8 9. Qxf6 Qxf6 10. exf6 dxc3 11. Ne2 Nd7 12. Nxc3 a6 13. g3 Nxf6 14. Bg2 Bd7
15. O-O Bc6 16. Be3 O-O-O 17. Rad1 Bd6 18. Rfe1 Kb8 19. Na2 Rc8 20. Nc3 Nd7 21.
Ne2 Ne5 22. Bf4 Nc4 23. Bxd6+ Nxd6 24. b3 Nf5 25. Bh3 Ne7 26. Nd4 Bd7 27. Rd2
Rc3 28. Bf1 Ng6 29. Bd3 h5 30. Bxg6 Rxg6 31. h4 Rc8 32. Ne2 Kc7 33. Nf4 Rh6 34.
Re3 b5 35. f3 Kd6 36. Kf2 Rh7 37. Red3 Be8 38. Rd4 Ke7 39. Nd3 Rc7 40. f4 Kd6
41. Re2 f6 42. Nb4 a5 43. Nd3 Rhe7 44. Ne1 e5 45. Rdd2 Bd7 46. Ng2 Bg4 47. Re1
Rc3 48. Ne3 d4 49. Nxg4 hxg4 50. fxe5+ fxe5 51. Re4 Rf7+ 52. Kg2 Rfc7 53. Rxg4
Rxc2 54. Rf2 d3 55. Rg6+ Kd5 56. Rg8 e4 57. Re8 Kd4 58. h5 e3 0-1

[Event "15th European Team Championshi"]
[Site "?"]
[Date "2005.08.07"]
[Round "9.17"]
[White "Atakisi, Umut"]
[Black "Georgiev, Kiril"]
[Result "1/2-1/2"]
[WhiteElo "2437"]
[BlackElo "2666"]
[PlyCount "163"]
[EventDate "2005.07.30"]

1. e4 e5 2. Nf3 Nc6 3. Bb5 Nf6 4. d3 Ne7 5. O-O c6 6. Bc4 Ng6 7. d4 Nxe4 8.
dxe5 Be7 9. Re1 d5 10. exd6 Nxd6 11. Bb3 O-O 12. Nc3 Bf6 13. Be3 Bxc3 14. bxc3
Bg4 15. Bc5 Bxf3 16. Qxf3 b6 17. Qxc6 bxc5 18. Rad1 Rc8 19. Qxd6 Qa5 20. Qd5
Qxc3 21. Re3 Qf6 22. Rf3 Qe7 23. Re3 Qc7 24. Qd7 Qb8 25. Bd5 Nf4 26. g3 Nxd5
27. Qxd5 c4 28. Qe5 Qb7 29. Qc3 h6 30. Rde1 Rfd8 31. Re7 Rd7 32. Re8+ Rxe8 33.
Rxe8+ Kh7 34. Re1 Qd5 35. Qe3 c3 36. Qxc3 Qxa2 37. h4 Qd5 38. Ra1 Qe4 39. Re1
Qf5 40. Ra1 Rd5 41. Qe3 a5 42. c4 Re5 43. Qc3 Re2 44. Qd4 Re5 45. Kg2 h5 46.
Ra3 Qe6 47. Rf3 f6 48. Qd3+ f5 49. Qd4 Qe7 50. Qd3 Qc5 51. Qb3 Qc6 52. Qc3 Rc5
53. Qd3 a4 54. Kh2 Qe4 55. Qd1 Qg4 56. Qd3 Qe4 57. Qd1 Qg4 58. Qd3 Re5 59. Rf4
Qg6 60. c5 Qc6 61. Rxf5 Qg6 62. Rf3 Qxd3 63. Rxd3 Rxc5 64. Kg2 Ra5 65. Ra3 Kg6
66. f3 Kf5 67. Kf2 Ke5 68. Ke3 Kd5 69. Kd3 Ra8 70. Ra2 g6 71. Ra3 Kc5 72. Kc3
Kb5 73. Kb2 Re8 74. Rd3 Re5 75. Rd6 Re2+ 76. Ka3 Re3+ 77. Ka2 Rxf3 78. Rxg6 a3
79. Rg5+ Kb4 80. Rxh5 Rf2+ 81. Ka1 Rf1+ 82. Ka2 1/2-1/2

[Event "15th European Team Championshi"]
[Site "?"]
[Date "2005.08.07"]
[Round "9.18"]
[White "Tikkanen, Hans"]
[Black "Trevelyan, John"]
[Result "1-0"]
[WhiteElo "2316"]
[BlackElo "2196"]
[PlyCount "41"]
[EventDate "2005.07.30"]

1. d4 Nc6 2. Nf3 d6 3. e4 e5 4. c3 Nf6 5. Nbd2 Be7 6. Bd3 O-O 7. O-O h6 8. Rb1
Nh7 9. b4 Ng5 10. b5 Na5 11. dxe5 dxe5 12. Nxe5 Bf6 13. Ndf3 Nxf3+ 14. Nxf3
Bxc3 15. Qc2 Qf6 16. e5 Bxe5 17. Nxe5 Qxe5 18. Bb2 Qg5 19. f4 Qe7 20. Qc3 f5
21. Rfe1 1-0

[Event "15th European Team Championshi"]
[Site "?"]
[Date "2005.08.07"]
[Round "9.18"]
[White "Spice, Alan"]
[Black "Olsson, Linus"]
[Result "0-1"]
[WhiteElo "2175"]
[BlackElo "2352"]
[PlyCount "48"]
[EventDate "2005.07.30"]

1. Nc3 c5 2. Nf3 Nf6 3. e4 d6 4. e5 dxe5 5. Nxe5 a6 6. g3 Nbd7 7. d4 e6 8. Nxd7
Bxd7 9. Bg2 cxd4 10. Qxd4 Qc8 11. Na4 Qxc2 12. Nc3 Rd8 13. Bxb7 Bb5 14. Nxb5
Rxd4 15. Nxd4 Bb4+ 16. Kf1 Qd1+ 17. Kg2 Qxd4 18. Bc6+ Ke7 19. Be3 Qd6 20. Bf3
Nd5 21. Bc1 Rc8 22. a3 Bc5 23. Rd1 Qb6 24. b4 Bxf2 0-1

[Event "15th European Team Championshi"]
[Site "?"]
[Date "2005.08.07"]
[Round "9.18"]
[White "Kett, Tim"]
[Black "Ong, Kezli"]
[Result "1/2-1/2"]
[WhiteElo "2192"]
[BlackElo "2371"]
[PlyCount "69"]
[EventDate "2005.07.30"]

1. e4 e5 2. Nc3 Nf6 3. Bc4 Nc6 4. d3 Bb4 5. Nf3 d5 6. exd5 Nxd5 7. O-O Bxc3 8.
bxc3 Bg4 9. h3 Nxc3 10. Qe1 Bxf3 11. Qxc3 Bd5 12. Bb5 f6 13. f4 O-O 14. Bxc6
Bxc6 15. fxe5 Qd5 16. Qb3 fxe5 17. Bb2 Rxf1+ 18. Rxf1 Re8 19. Re1 Qxb3 20. cxb3
e4 21. dxe4 Bxe4 22. Kf2 g6 23. h4 h5 24. Kg3 Kf7 25. Re2 Re6 26. Kf4 Bb1 27.
Be5 c6 28. Rb2 Bf5 29. Rd2 Re7 30. b4 Rd7 31. Rxd7+ Bxd7 32. Bb8 a6 33. Ke5 Be6
34. a4 Ke7 35. a5 1/2-1/2

[Event "15th European Team Championshi"]
[Site "?"]
[Date "2005.08.07"]
[Round "9.18"]
[White "Hall, Jesper"]
[Black "Jones, Richard"]
[Result "1-0"]
[WhiteElo "2487"]
[BlackElo "2325"]
[PlyCount "53"]
[EventDate "2005.07.30"]

1. d4 Nf6 2. Nc3 d5 3. Bg5 Nbd7 4. Qd3 h6 5. Bh4 e6 6. e4 dxe4 7. Nxe4 Be7 8.
Nxf6+ Nxf6 9. O-O-O O-O 10. Nf3 b6 11. Ne5 Bb7 12. Rg1 Qd5 13. c4 Qa5 14. a3
Rfd8 15. g4 c5 16. d5 exd5 17. Qh3 d4 18. g5 hxg5 19. Rxg5 Rd6 20. Bd3 Bf8 21.
Rdg1 Ne4 22. Bxe4 Bxe4 23. Qg4 Bg6 24. Nxg6 Rxg6 25. Rxg6 fxg6 26. Qe6+ Kh8 27.
Bg5 1-0

[Event "15th European Team Championshi"]
[Site "?"]
[Date "2005.08.07"]
[Round "9.19"]
[White "Weber, Jean-Marie"]
[Black "Grant, Jonathan"]
[Result "1/2-1/2"]
[WhiteElo "2262"]
[BlackElo "2273"]
[PlyCount "46"]
[EventDate "2005.07.30"]

1. d4 Nf6 2. c4 e6 3. Nc3 Bb4 4. Qc2 c5 5. dxc5 O-O 6. a3 Bxc5 7. Nf3 b6 8. Bf4
Bb7 9. Rd1 Nc6 10. e3 Be7 11. Be2 Rc8 12. O-O Na5 13. Nb5 Bxf3 14. gxf3 Nh5 15.
Nxa7 Nxf4 16. exf4 Rc5 17. b4 Rh5 18. Kg2 Qc7 19. bxa5 Rxh2+ 20. Kxh2 Qxf4+ 21.
Kg2 Qg5+ 22. Kh3 Qh4+ 23. Kg2 Qg5+ 1/2-1/2